00995nam a22002657a 450000500170000001000130001702000100003003500130004003700160005304000120006908200210008110000310010224500910013324600630022426000560028727000730034330000200041665000290043665000330046565000290049865000230052794200300055099900190058095201300059920170123162312.0 aB-070430 c80.00 aB-070430 bCen Lib/Ret aDPLbUR a843.08bص گ ر aصغرا مہدی 9112450 aاردو ناولوں میں عورت کی سماجی حیثیت /cصغرا مہدی  aUrdu navalon men aurat samaji haisiyat /bby Saghra Mahri  aنیی دہلی bسججد پبلکشانس c2002 a106 ہوز رانی ملوایا ناگر bنیی دہلی e110017 a158p.c20cm(Hb) aاردو ادب 9112451 aاردو ڈرامہ 9462 aUrdu literature 9112452 aUrdu drama 914322 2ddccURh843.08mص گ ر c106489d106489 00104070aLbLd2015-12-22eCen Lib/Retg80.00l0o843.08 ص گ رpB-070430r2015-12-22 00:00:00t1v80.00w2015-12-22yUR